[Event "Mitch The Man's First Chess Tournament"]
[Site "SchemingMind.com"]
[Date "2009.09.20"]
[Round "-"]
[White "Sire"]
[Black "Mitch The Man"]
[Result "1-0"]
[WhiteCountry "AUS"]
[BlackCountry "USA"]
[WhiteElo "1468"]
[WhiteRD "68"]
[BlackElo "1338"]
[BlackRD "64"]
[GameID "220543"]

1. g3 d5 2. Bg2 c6 3. d4 h6 4. Bf4 Nd7 5. Nf3 f6 6. Qd3 Qa5+ 7. Bd2 Qb6 8. Bc3 Qc7 9. Qg6+ Kd8 10. Qf7 Nb8
11. Qxf8+ Kd7 12. Qxg7
1-0

[Event "Mitch The Man's First Chess Tournament"]
[Site "SchemingMind.com"]
[Date "2009.09.20"]
[Round "-"]
[White "Mitch The Man"]
[Black "Sire"]
[Result "0-1"]
[WhiteCountry "USA"]
[BlackCountry "AUS"]
[WhiteElo "1396"]
[WhiteRD "59"]
[BlackElo "1469"]
[BlackRD "68"]
[GameID "220544"]

1. e4 d5 2. e5 d4 3. h3 e6 4. d3 Nc6 5. Nf3 h6 6. a3 Qd5 7. Qe2 Bd7 8. Qe4 Qa5+ 9. Bd2 Qb5 10. Bc1 Nge7
11. Be2 Nf5 12. O-O Bc5 13. b4 Nxb4 14. axb4 Qxb4 15. Ba3 Qb5 16. Bxc5 Qxc5 17. Nxd4 Nxd4 18. Qxb7 O-O 19. Bd1 Rfb8 20. Qe4 Bc6
21. Qe3 Rb2 22. c3 Nf3+ 23. gxf3 Qe7 24. Qc1 Rab8 25. Bc2 Bxf3 26. Rxa7 R2b7 27. Rxb7 Rxb7 28. Qe3 Bc6 29. c4 Qb4 30. Qd4 Qe7
31. Kh2 Qg5 32. Rg1 Qe7 33. Qa1 Qc5 34. Qa8+ Kh7 35. Qf8 Qxf2+
0-1

[Event "Mitch The Man's First Chess Tournament"]
[Site "SchemingMind.com"]
[Date "2009.09.20"]
[Round "-"]
[White "grabapawn"]
[Black "Mitch The Man"]
[Result "1-0"]
[WhiteCountry "USA"]
[BlackCountry "USA"]
[WhiteElo "1595"]
[WhiteRD "71"]
[BlackElo "1396"]
[BlackRD "59"]
[GameID "220548"]

1. e4 e5 2. Nf3 d6 3. Bc4 Nf6 4. Ng5 d5 5. exd5 Nxd5 6. Qf3 Qxg5 7. Bxd5 f6 8. Bxb7 Bg4 9. Bc6+ Kf7 10. Qd5+ Be6
11. Be8+ Kxe8 12. Qxe6+ Be7 13. O-O Qg6 14. Na3 Nd7 15. d3 Qf7 16. Qc6 Rc8 17. Nc4 Kd8 18. Na5 Nc5 19. b4 Qe8 20. Qd5+ Bd6
21. bxc5 Qd7 22. Nc6+ Ke8 23. cxd6 cxd6 24. Nb4 Rc5 25. Qa8+ Rc8 26. Qd5 Rc5 27. Qa8+ Rc8 28. Qf3 a5 29. Nd5 Rxc2 30. Nb6 Qd8
31. Qh5+ Kf8 32. Nd5 Rc5 33. Ne3 e4 34. Qd1 exd3 35. Qxd3 Rc6 36. Ba3 g6 37. Rac1 Rxc1 38. Rxc1 Kg7 39. Bxd6
1-0

[Event "Mitch The Man's First Chess Tournament"]
[Site "SchemingMind.com"]
[Date "2009.09.20"]
[Round "-"]
[White "grabapawn"]
[Black "Sire"]
[Result "0-1"]
[WhiteCountry "USA"]
[BlackCountry "AUS"]
[WhiteElo "1595"]
[WhiteRD "71"]
[BlackElo "1469"]
[BlackRD "68"]
[GameID "220549"]

1. e4 b6 2. d4 Bb7 3. Nc3 e6 4. Bf4 Bb4 5. Bd3 Ne7 6. Ne2 d5 7. e5 Nbc6 8. O-O Bxc3 9. bxc3 Na5 10. Ng3 Nc4
11. Qg4 g6 12. Bxc4 dxc4 13. Ne4 Bxe4 14. Rac1 Bf5 15. Qg3 Nd5 16. Bg5 Ne7 17. Qf3 Rb8 18. Bh6 Qd7 19. Bg7 Rg8 20. Bf6 Nd5
21. g4 Bxg4 22. Qxg4 h5 23. Qg5 Nxc3 24. Qh6 Ne2+ 25. Kg2 Qd5+ 26. f3 Nxc1 27. Rxc1 Kd7 28. Qe3 Kc6 29. a4 a5 30. h4 Kb7
31. Rb1 Qc6 32. Kg3 Qxa4 33. Qe4+ c6 34. Qf4 Qxc2 35. Rc1 Qd3 36. Bg5 Ka6 37. Ra1 Qc3 38. Qe4 Qxa1
0-1

[Event "Mitch The Man's First Chess Tournament"]
[Site "SchemingMind.com"]
[Date "2009.09.20"]
[Round "-"]
[White "Mitch The Man"]
[Black "grabapawn"]
[Result "0-1"]
[WhiteCountry "USA"]
[BlackCountry "USA"]
[WhiteElo "1338"]
[WhiteRD "64"]
[BlackElo "1613"]
[BlackRD "76"]
[GameID "220550"]

1. e4 e5 2. Nf3 Nc6 3. c3 Nf6 4. Qc2 Bc5 5. d3 d5 6. Nbd2 Ng4 7. d4 exd4 8. cxd4 Bxd4 9. h3 Nxf2 10. Rh2 O-O
11. Nxd4 Qh4 12. g3 Qf6 13. Rxf2 Qxd4 14. exd5 Qe5+ 15. Re2 Nd4 16. Qc3 Qf6 17. Re3 Bd7 18. Bg2 Rfe8 19. Rxe8+ Rxe8+ 20. Ne4 Bxh3
21. Bxh3 Rxe4+ 22. Be3 Qf3
0-1

[Event "Mitch The Man's First Chess Tournament"]
[Site "SchemingMind.com"]
[Date "2009.09.20"]
[Round "-"]
[White "Sire"]
[Black "grabapawn"]
[Result "0-1"]
[WhiteCountry "AUS"]
[BlackCountry "USA"]
[WhiteElo "1469"]
[WhiteRD "68"]
[BlackElo "1595"]
[BlackRD "71"]
[GameID "220551"]

1. b3 d5 2. Bb2 Nc6 3. Nc3 e5 4. Nf3 Nf6 5. e3 d4 6. Nb5 a6 7. Na3 Bg4 8. h3 Bh5 9. g4 Bg6 10. Nh4 Be4
11. f3 Bd5 12. e4 Be6 13. d3 Nd7 14. Nc4 Qxh4+ 15. Ke2 Ne7 16. Qb1 Ng6 17. Bc1 Bb4 18. a3 Qe1#
0-1

[Event "Mitch The Man's First Chess Tournament"]
[Site "SchemingMind.com"]
[Date "2009.09.21"]
[Round "-"]
[White "jacksrking"]
[Black "Mitch The Man"]
[Result "1-0"]
[WhiteCountry "USA"]
[BlackCountry "USA"]
[WhiteElo "1390"]
[WhiteRD "60"]
[BlackElo "1396"]
[BlackRD "59"]
[GameID "220554"]

1. e4 e5 2. Nf3 d6 3. c4 b6 4. Nc3 c6 5. d4 Qe7 6. d5 c5 7. Be2 h6 8. Be3 g5 9. O-O Bd7 10. a4 g4
11. Nd2 Na6 12. Nb5 Bg7 13. Bxg4 Bxg4 14. Qxg4 Nf6 15. Qxg7 Rg8 16. Qxh6 O-O-O 17. Nxa7+ Qxa7 18. Qxf6 Rg6 19. Qf5+ Kb8 20. f4 Rdg8
21. Rf2 Nb4 22. Nf3 Nc2 23. Rxc2
1-0

[Event "Mitch The Man's First Chess Tournament"]
[Site "SchemingMind.com"]
[Date "2009.09.21"]
[Round "-"]
[White "jacksrking"]
[Black "grabapawn"]
[Result "0-1"]
[WhiteCountry "USA"]
[BlackCountry "USA"]
[WhiteElo "1390"]
[WhiteRD "60"]
[BlackElo "1595"]
[BlackRD "71"]
[GameID "220555"]

1. e4 e5 2. Qf3 Nf6 3. Nc3 d6 4. Bc4 c6 5. Nge2 Bg4 6. Qe3 d5 7. f3 Bh5 8. g4 Bg6 9. b3 dxc4 10. bxc4 Na6
11. Bb2 h6 12. a3 Bc5 13. Qd3 Qe7 14. Na4 Bd6 15. O-O-O Rd8 16. Qe3 b6 17. d4 c5 18. h4 cxd4 19. Qd3 Nc5 20. Nxc5 Bxc5
21. g5 Nh5 22. Rh2 a6 23. c3 Bxa3 24. cxd4 Bxb2+ 25. Kxb2 Qb4+ 26. Kc2 Qa4+ 27. Kb1= b5 28. Kb2 bxc4 29. Qc2 Rb8+ 30. Kc3 Qb4#
0-1

[Event "Mitch The Man's First Chess Tournament"]
[Site "SchemingMind.com"]
[Date "2009.09.20"]
[Round "-"]
[White "jacksrking"]
[Black "Sire"]
[Result "0-1"]
[WhiteCountry "USA"]
[BlackCountry "AUS"]
[WhiteElo "1390"]
[WhiteRD "60"]
[BlackElo "1469"]
[BlackRD "68"]
[GameID "220556"]

1. e4 b6 2. d4 Bb7 3. Nc3 e6 4. Nf3 Bb4 5. Bd2 Bxc3 6. Bxc3 Bxe4 7. d5 Nf6 8. Bc4 Qe7 9. Qd2 O-O 10. Bb4 d6
11. O-O-O e5 12. Rhg1 Ng4 13. Qe2 Nf6 14. Ng5 Bg6 15. h4 Nh5 16. Ne4 Qxh4 17. Bd3 Nf4 18. Qf3 c5 19. Bc3 Qe7 20. Bc4 Bh5
21. Qg3 Bxd1 22. Kxd1 Nd7 23. a3 a6 24. a4 Rfb8 25. Rh1 b5 26. Qh2 h6 27. Bd2 bxc4 28. Bxf4 Rxb2 29. Bxh6 Rb1+ 30. Bc1 f6
31. Qh8+ Kf7 32. Qxa8 Rb8 33. Qxa6 Nb6 34. Nc3 Qd7 35. a5 Na8 36. Qxc4 Rb4 37. Qd3 Rd4 38. Qxd4 cxd4 39. Ne2 Qg4 40. Rg1 Qe4
41. c4 Qd3+ 42. Bd2 Qxc4 43. Rh1 Qxd5
0-1

[Event "Mitch The Man's First Chess Tournament"]
[Site "SchemingMind.com"]
[Date "2009.09.21"]
[Round "-"]
[White "Mitch The Man"]
[Black "jacksrking"]
[Result "1-0"]
[WhiteCountry "USA"]
[BlackCountry "USA"]
[WhiteElo "1396"]
[WhiteRD "59"]
[BlackElo "1390"]
[BlackRD "60"]
[GameID "220557"]

1. e4 c5 2. c4 Nc6 3. Ne2 Nf6 4. d3 e6 5. g3 Bd6 6. a3 O-O 7. Bg2 a5 8. O-O h6 9. h3 b6 10. f4 e5
11. f5 Nd4 12. Nxd4 exd4 13. Kh2 Rb8 14. Bf4 Bxf4 15. gxf4 Bb7 16. Nd2 Qc7 17. a4 Qxf4+ 18. Rxf4 g5 19. Rf2 h5 20. Nf3 g4
21. Ng5 gxh3 22. Bxh3 d6 23. Qb3 Bc6 24. Rg1 Kh8 25. Nf3 Bd7 26. Rg5 Rg8 27. Rxg8+ Kxg8 28. Rg2+ Kf8 29. Rg5 Ke7 30. e5 dxe5
31. Nxe5 h4 32. Nxd7 Kxd7 33. Qb5+ Kc7 34. Rg7 Ne4 35. Rxf7+ Kc8 36. Qe8#
1-0

[Event "Mitch The Man's First Chess Tournament"]
[Site "SchemingMind.com"]
[Date "2009.09.21"]
[Round "-"]
[White "grabapawn"]
[Black "jacksrking"]
[Result "1-0"]
[WhiteCountry "USA"]
[BlackCountry "USA"]
[WhiteElo "1595"]
[WhiteRD "71"]
[BlackElo "1390"]
[BlackRD "60"]
[GameID "220558"]

1. e4 c5 2. Nc3 e5 3. Bc4 Qe7 4. Nf3 Nc6 5. Nd5 Qd8 6. d3 Nf6 7. Ng5 h6 8. Nxf7 Kxf7 9. Nxf6+ Kxf6 10. Qf3+ Kg6
11. Bf7+ Kh7 12. Qf5+ g6 13. Qxg6#
1-0

[Event "Mitch The Man's First Chess Tournament"]
[Site "SchemingMind.com"]
[Date "2009.09.21"]
[Round "-"]
[White "Sire"]
[Black "jacksrking"]
[Result "1-0"]
[WhiteCountry "AUS"]
[BlackCountry "USA"]
[WhiteElo "1469"]
[WhiteRD "68"]
[BlackElo "1390"]
[BlackRD "60"]
[GameID "220559"]

1. d4 d5 2. Nc3 Nf6 3. Bg5 e6 4. Bxf6 Qxf6 5. Nb5 Bd6 6. e3 a6 7. Nc3 Nc6 8. Bd3 O-O 9. Nf3 g6 10. Qe2 Nb4
11. a3 Nxd3+ 12. Qxd3 b5 13. b4 Bb7 14. Qe2 c6 15. O-O a5 16. Rab1 axb4 17. axb4 e5 18. dxe5 Bxe5 19. Nxe5 Qxe5 20. Qf3 f5
21. Ne2 Ra4 22. c3 h5 23. Nf4 Kg7 24. Qg3 Rf6 25. Nxh5+ Kf7 26. Qxe5 gxh5 27. Qc7+
1-0

[Event "Mitch The Man's First Chess Tournament"]
[Site "SchemingMind.com"]
[Date "2009.09.21"]
[Round "-"]
[White "lame wolf"]
[Black "Mitch The Man"]
[Result "0-1"]
[WhiteCountry "INT"]
[BlackCountry "USA"]
[WhiteElo "1089"]
[WhiteRD "59"]
[BlackElo "1396"]
[BlackRD "59"]
[GameID "220654"]

1. d4 d5 2. Qd3 c6 3. e4 e6 4. e5 h6 5. Be3 Bd7 6. Nd2 Ne7 7. Be2 Nf5 8. Ngf3 Nxe3 9. Qxe3 Be7 10. O-O O-O
11. Nb3 b6 12. c4 f6 13. exf6 Bxf6 14. cxd5 exd5 15. a3 Re8 16. Qd2 a6 17. Nc1 Ra7 18. Nd3 Be6 19. b4 Bf5 20. Nf4 Rae7
21. Bd3 Bxd3 22. Qxd3 Re4 23. Nh5 b5 24. Nxf6+ Qxf6 25. a4 Nd7 26. axb5 cxb5 27. Rfe1 Kh8 28. Rxe4 dxe4 29. Qe3 Nb6 30. Rxa6 Qc6
31. Nh4 Rb8 32. Nf5 Qc2 33. Ra1 Nd5 34. Qxe4 Qxe4 35. Nd6 Qxd4 36. g3 Qxa1+
0-1

[Event "Mitch The Man's First Chess Tournament"]
[Site "SchemingMind.com"]
[Date "2009.09.21"]
[Round "-"]
[White "lame wolf"]
[Black "grabapawn"]
[Result "0-1"]
[WhiteCountry "INT"]
[BlackCountry "USA"]
[WhiteElo "1089"]
[WhiteRD "59"]
[BlackElo "1595"]
[BlackRD "71"]
[GameID "220655"]

1. d4 d5 2. g3 Nc6 3. Bg2 Nf6 4. e3 Bf5 5. Nc3 e6 6. Qe2 Bb4 7. Nf3 Ne4 8. Bd2 Nxd2 9. Kxd2 O-O 10. Ne5 Nxe5
11. dxe5 c6 12. Rad1 a5 13. a3 Bxc3+ 14. bxc3 Ra6 15. Rb1 b5 16. Qd1 b4 17. cxb4 axb4 18. axb4 Ra2 19. f4 Bxc2 20. Qc1 Bxb1+
21. Kd1 Qa8 22. Qxb1 Ra1
0-1

[Event "Mitch The Man's First Chess Tournament"]
[Site "SchemingMind.com"]
[Date "2009.09.21"]
[Round "-"]
[White "lame wolf"]
[Black "jacksrking"]
[Result "0-1"]
[WhiteCountry "INT"]
[BlackCountry "USA"]
[WhiteElo "1089"]
[WhiteRD "59"]
[BlackElo "1390"]
[BlackRD "60"]
[GameID "220656"]

1. d4 d5 2. Qd3 Bd7 3. e4 Nf6 4. e5 Ng4 5. Be3 Nc6 6. Nf3 e6 7. Nbd2 Bb4 8. Be2 Nxe3 9. Qxe3 h6 10. O-O Bxd2
11. Qxd2 Qe7 12. c3 O-O-O 13. b3 f6 14. c4 dxc4 15. bxc4 fxe5 16. d5 exd5 17. cxd5 Nb4 18. Rfc1 Bf5 19. Bd3 Nxd3 20. Rcb1 Nf4
21. Rc1 Rxd5 22. Qc3 Ne2+ 23. Kf1 Nxc3 24. Rxc3 Rhd8 25. g3 Bh3+ 26. Kg1 Rd1+ 27. Rxd1 Rxd1+
0-1

[Event "Mitch The Man's First Chess Tournament"]
[Site "SchemingMind.com"]
[Date "2009.09.21"]
[Round "-"]
[White "lame wolf"]
[Black "Sire"]
[Result "0-1"]
[WhiteCountry "INT"]
[BlackCountry "AUS"]
[WhiteElo "1070"]
[WhiteRD "60"]
[BlackElo "1468"]
[BlackRD "68"]
[GameID "220657"]

1. d4 b6 2. Qd3 Bb7 3. f3 Ba6 4. c4 c6 5. b3 b5 6. c5 b4 7. Qd1 e6 8. Nh3 Qh4+ 9. Kd2 Qxd4+ 10. Ke1 Qxa1
11. e4 Qxb1 12. Bxa6 Nxa6 13. Rf1 Bxc5 14. Nf4 Qxa2 15. Rf2 Qxf2#
0-1

[Event "Mitch The Man's First Chess Tournament"]
[Site "SchemingMind.com"]
[Date "2009.09.21"]
[Round "-"]
[White "Mitch The Man"]
[Black "lame wolf"]
[Result "1-0"]
[WhiteCountry "USA"]
[BlackCountry "INT"]
[WhiteElo "1396"]
[WhiteRD "59"]
[BlackElo "1089"]
[BlackRD "59"]
[GameID "220658"]

1. e4 g5 2. e5 f6 3. d4 Bg7 4. Qh5+ Kf8 5. Bc4 Qe8 6. Qxe8+ Kxe8 7. exf6 Bxf6 8. Bxg8 Rxg8 9. c3 d6 10. Ne2 Bd7
11. O-O Bf5 12. Nd2 Nd7 13. Ng3 Be6 14. Nh5 h6 15. Nxf6+ exf6 16. Re1 Ke7 17. d5 Nf8 18. dxe6 g4 19. Nb3 Nxe6 20. Nd4 Kf7
21. Rxe6 Kg6 22. Bd2 Rae8 23. Rxe8 Rxe8 24. Nb5 Re2 25. Rd1 h5 26. Nxc7
1-0

[Event "Mitch The Man's First Chess Tournament"]
[Site "SchemingMind.com"]
[Date "2009.09.21"]
[Round "-"]
[White "grabapawn"]
[Black "lame wolf"]
[Result "1-0"]
[WhiteCountry "USA"]
[BlackCountry "INT"]
[WhiteElo "1595"]
[WhiteRD "71"]
[BlackElo "1089"]
[BlackRD "59"]
[GameID "220659"]

1. e4 Nc6 2. Nf3 g6 3. d4 Bg7 4. Bc4 e6 5. c3 e5 6. Ng5 Nh6 7. Nf3 exd4 8. cxd4 d6 9. Ng5 f6 10. Nf3 Bg4
11. Qa4 Qd7 12. Qb3 Bxf3 13. gxf3 Nxd4 14. Qd3 Nc6 15. Nc3 Kd8 16. Be3 Ne5 17. Qe2 Qh3 18. O-O-O Qxf3 19. Qf1 Nhg4 20. Be2 Qxe3+
21. fxe3 Nxe3 22. Qh3 N3c4 23. Bxc4 Nxc4 24. Nd5 Ne5 25. Qc3 c6 26. Qa5+ b6 27. Nxb6 Rb8 28. Nd5+ Kd7 29. Qxa7+ Ke6 30. Qe7#
1-0

[Event "Mitch The Man's First Chess Tournament"]
[Site "SchemingMind.com"]
[Date "2009.09.21"]
[Round "-"]
[White "jacksrking"]
[Black "lame wolf"]
[Result "1-0"]
[WhiteCountry "USA"]
[BlackCountry "INT"]
[WhiteElo "1390"]
[WhiteRD "60"]
[BlackElo "1089"]
[BlackRD "59"]
[GameID "220660"]

1. e4 g5 2. d4 h6 3. Nf3 Bg7 4. Nc3 b6 5. Bc4 Bb7 6. O-O e6 7. Bd2 Qe7 8. a3 d6 9. Be3 g4 10. Nd2 h5
11. b4 Nd7 12. d5 e5 13. Nb5 Qd8 14. a4 Ba6 15. c3 Bxb5 16. Bxb5 Ne7 17. a5 a6 18. Bc6 Rb8 19. h3 Nxc6 20. dxc6 Kf8
21. cxd7 Qxd7 22. Nc4 b5 23. Nb6 Qe6 24. Nd5 Kg8 25. Nxc7 Qd7 26. Nxa6 Rb7 27. h4 f6 28. Qd5+
1-0

[Event "Mitch The Man's First Chess Tournament"]
[Site "SchemingMind.com"]
[Date "2009.09.21"]
[Round "-"]
[White "Sire"]
[Black "lame wolf"]
[Result "1-0"]
[WhiteCountry "AUS"]
[BlackCountry "INT"]
[WhiteElo "1468"]
[WhiteRD "68"]
[BlackElo "1070"]
[BlackRD "60"]
[GameID "220661"]

1. b3 f6 2. g3 e5 3. Bg2 c6 4. e4 d6 5. Bf3 Be6 6. Bh5+ g6 7. Bg4 Bxg4 8. Qxg4 Qd7 9. Qxd7+ Nxd7 10. Nf3 Ne7
11. O-O f5 12. d3 fxe4 13. dxe4 h6 14. Nc3 g5 15. Be3 d5 16. exd5 cxd5 17. Nb5 Kf7 18. Nd6+ Ke6 19. Nxb7 Nc6 20. Bd2 Bd6
21. Nxd6 Kxd6 22. Rae1 e4 23. Nxg5 hxg5 24. Bxg5 Rag8 25. Bf4+ Kc5 26. a3 Nf6 27. b4+ Kd4 28. b5 Na5 29. Rc1 Rc8 30. Rfd1+ Kc5
31. a4 Kb4 32. Rd4+ Kc5 33. Be3 Ng4 34. h4 Ra8 35. Bf4 Kxd4 36. c3+ Kd3 37. Kg2 Nb3 38. Rd1+ Kxc3 39. Rxd5 a6 40. Rg5 Rhg8
41. Be5+ Nd4 42. Rf5 Rae8 43. Bxd4+ Kb4 44. b6 Rb8 45. Rf7 Kxa4 46. b7 Ka5 47. Ba7 Rbd8 48. Rf5+ Ka4 49. Rf4 Rd2 50. Rxe4+ Kb3
51. Rf4 Rxf2+ 52. Bxf2 Nxf2 53. Rxf2 Rb8 54. Rf7 Kc4 55. h5
1-0

[Event "Mitch The Man's First Chess Tournament"]
[Site "SchemingMind.com"]
[Date "2009.09.21"]
[Round "-"]
[White "Roger Martindale"]
[Black "Mitch The Man"]
[Result "1-0"]
[WhiteCountry "USA"]
[BlackCountry "USA"]
[WhiteElo "1624"]
[WhiteRD "98"]
[BlackElo "1338"]
[BlackRD "64"]
[GameID "220673"]

1. e4 e5 2. Nf3 d6 3. Nc3 Be7 4. h3 c6 5. Bc4 Nf6 6. d3 O-O 7. O-O d5 8. exd5 cxd5 9. Bb3 Bd7 10. Nxe5 Be6
11. d4 Nc6 12. Be3 Nxe5 13. dxe5 Nd7 14. Bd4 g6 15. Bxd5 Bxd5 16. Nxd5 Bc5 17. Bxc5 Re8 18. Bd6 Nxe5 19. Nc7
1-0

[Event "Mitch The Man's First Chess Tournament"]
[Site "SchemingMind.com"]
[Date "2009.09.21"]
[Round "-"]
[White "Roger Martindale"]
[Black "lame wolf"]
[Result "1-0"]
[WhiteCountry "USA"]
[BlackCountry "INT"]
[WhiteElo "1557"]
[WhiteRD "90"]
[BlackElo "1089"]
[BlackRD "59"]
[GameID "220674"]

1. e4 g5 2. h3 h6 3. Nf3 e6 4. a3 Bg7 5. d4 Qe7 6. Nc3 d5 7. Bd3 Nc6 8. O-O Bxd4 9. exd5 exd5 10. Re1 f5
11. Nb5 Bd7 12. Nxc7+ Kf7 13. Rxe7+ Kxe7 14. Nxa8 Nf6 15. Nc7 g4 16. Nxd4 Nxd4 17. Qe1+ Kd6 18. Bf4+ Kc6 19. Qc3+ Kb6 20. Qxd4+
1-0

[Event "Mitch The Man's First Chess Tournament"]
[Site "SchemingMind.com"]
[Date "2009.09.21"]
[Round "-"]
[White "Roger Martindale"]
[Black "grabapawn"]
[Result "1/2-1/2"]
[WhiteCountry "USA"]
[BlackCountry "USA"]
[WhiteElo "1557"]
[WhiteRD "90"]
[BlackElo "1595"]
[BlackRD "71"]
[GameID "220675"]

1. e4 e5 2. Nf3 Nc6 3. Bc4 Nf6 4. a3 Bc5 5. Nc3 d6 6. h3 O-O 7. d3 Nd4 8. b4 Nxf3+ 9. Qxf3 Be6 10. O-O Bd4
11. Bb2 Bxc4 12. dxc4 c6 13. Rad1 b6 14. Bc1 Bxc3 15. Rd3 Bd4 16. Be3 Bxe3 17. Qxe3 a5 18. b5 c5 19. a4 Nh5 20. Rfd1 Ra7
21. Rxd6 Qb8 22. Qg5 Nf6 23. Qxe5 Re8 24. Qxe8+ Nxe8 25. Rd8 Qe5 26. R1d5 Qxe4 27. Rb8 g6 28. Rdd8 Re7 29. Rxb6 Qxc2 30. Rbb8 Kf8
31. b6 Qxc4 32. b7 Qa6 33. Rxe8+ Rxe8 34. Rxe8+ Kxe8 35. b8=Q+ Ke7 36. Qe5+ Kf8 37. Qxc5+ Kg8 38. Qb5 Qa8 39. f3 h5 40. h4 Qa7+
41. Kh2 Qc7+ 42. f4 Qxf4+ 43. Kg1 Qxh4 44. Qxa5 Qd4+ 45. Kh2 Qh4+=
1/2-1/2

[Event "Mitch The Man's First Chess Tournament"]
[Site "SchemingMind.com"]
[Date "2009.09.22"]
[Round "-"]
[White "Roger Martindale"]
[Black "jacksrking"]
[Result "1/2-1/2"]
[WhiteCountry "USA"]
[BlackCountry "USA"]
[WhiteElo "1547"]
[WhiteRD "93"]
[BlackElo "1436"]
[BlackRD "63"]
[GameID "220676"]

1. e4 c5 2. c4 Nc6 3. d3 e5 4. Nf3 Nf6 5. Nc3 Bd6 6. Be3 O-O 7. h3 Qb6 8. b3 Qb4 9. Bd2 Qb6 10. Nb5 Nd4
11. Nxd6 Qxd6 12. Nxd4 Qxd4 13. Be3 Qc3+ 14. Bd2 Qd4 15. Be2 d6 16. O-O Bd7 17. Qb1 b6 18. Be3 Qc3 19. Rc1 Qa5 20. a4 Qa6
21. Bd2 Qb7 22. b4 Qc8 23. b5 h5 24. Rc3 h4 25. Bg5 Nh7 26. Bxh4 g5 27. Bg3 f5 28. Qd1 Nf6 29. Qd2 f4 30. Bh2 Kg7
31. f3 Rh8 32. Kf2 Bxh3 33. Rh1 Be6 34. Rcc1 a6 35. g4 Qg8 36. Qd1 Rh6 37. Qg1 Kg6 38. Ke1 a5 39. Kd2 Ra7 40. Qg2 Rah7
41. Rcf1 d5 42. Qf2 d4 43. Qg1 Qh8 44. Rf2=
1/2-1/2

[Event "Mitch The Man's First Chess Tournament"]
[Site "SchemingMind.com"]
[Date "2009.09.21"]
[Round "-"]
[White "Roger Martindale"]
[Black "Sire"]
[Result "1-0"]
[WhiteCountry "USA"]
[BlackCountry "AUS"]
[WhiteElo "1624"]
[WhiteRD "98"]
[BlackElo "1468"]
[BlackRD "68"]
[GameID "220677"]

1. e4 d5 2. d3 dxe4 3. d4 Bf5 4. h3 Qd5 5. Nc3 Qa5 6. a3 Qb6 7. Bc4 e6 8. Nge2 Nc6 9. Be3 Na5 10. b3 O-O-O
11. Ng3 Nxc4 12. bxc4 Qb3 13. cxb3 Bg6 14. Ngxe4 f5 15. Ng5 Re8 16. O-O h6 17. Nf3 Re7 18. Bf4 Be8 19. Be5 Bh5 20. b4 Rd7
21. Qb3 Bd6 22. Nb5 Bxe5 23. Nxe5 Re7 24. Nxa7+ Kb8 25. Qa4 Nf6 26. Nb5
1-0

[Event "Mitch The Man's First Chess Tournament"]
[Site "SchemingMind.com"]
[Date "2009.09.21"]
[Round "-"]
[White "Mitch The Man"]
[Black "Roger Martindale"]
[Result "1/2-1/2"]
[WhiteCountry "USA"]
[BlackCountry "USA"]
[WhiteElo "1396"]
[WhiteRD "59"]
[BlackElo "1557"]
[BlackRD "90"]
[GameID "220678"]

1. e4 e5 2. Nf3 Nc6 3. c4 Bc5 4. a3 Nf6 5. d3 h6 6. h3 O-O 7. Bd2 a6 8. Be2 Re8 9. O-O d6 10. b4 Bb6
11. Bc3 Nd4 12. Nxd4 exd4 13. Bd2 c5 14. Bf3 a5 15. b5 Be6 16. a4 Bc7 17. Na3 Rb8 18. Bf4 b6 19. Bh2 Bd7 20. Bg3 Be6
21. Bh2 Qd7 22. g4 g5 23. Kh1 Qd8 24. Nb1 Nd7 25. Rg1 Ne5 26. Be2 f6 27. Qd2 Kg7 28. f4 gxf4 29. Bxf4 Rh8 30. Bg3 Kf7
31. Bxe5 dxe5 32. Kg2 Qg8 33. Bf3 h5 34. Kf1 hxg4 35. hxg4 Rh3 36. Kf2 Rh2+ 37. Rg2 Qh8 38. Rxh2 Qxh2+ 39. Bg2 Bxg4 40. Qe1 Rh8
41. Qg1 Qf4+ 42. Ke1 Qe3+ 43. Qxe3 dxe3 44. Nc3 Rd8 45. Nd5 Bd6 46. Nxb6 Rh8 47. Nd5 Rh2 48. Nxe3 Bh5 49. Ra2 Bf8 50. Nf1 Rh4
51. b6 Bd6 52. b7 Rg4 53. Bf3 Rh4 54. Bxh5+ Rxh5 55. Rb2 Rh8 56. Kd2 Bb8 57. Kc3 Rh1 58. Ng3 Rc1+ 59. Kb3 Re1 60. Nf5 Ke8
61. Ng7+ Kd7 62. Nf5 Kc6 63. Kc3 Rc1+ 64. Kd2 Ra1 65. Ne7+ Kd7 66. Nd5 Rh1 67. Kc3 Rf1 68. Nb6+ Kc6 69. Nd5 Kd6=
1/2-1/2

[Event "Mitch The Man's First Chess Tournament"]
[Site "SchemingMind.com"]
[Date "2009.09.21"]
[Round "-"]
[White "lame wolf"]
[Black "Roger Martindale"]
[Result "0-1"]
[WhiteCountry "INT"]
[BlackCountry "USA"]
[WhiteElo "1089"]
[WhiteRD "59"]
[BlackElo "1557"]
[BlackRD "90"]
[GameID "220679"]

1. e4 e5 2. d4 d6 3. d5 h6 4. f3 a6 5. Bd3 Nf6 6. Be3 Bd7 7. f4 Ng4 8. Qe2 Nxe3 9. Qxe3 c6 10. c4 c5
11. f5 Be7 12. g4 Bg5 13. Qe2 O-O 14. h3 a5 15. b3 Na6 16. Nf3 Bf4 17. Kf2 Nb4 18. Nc3 Nxd3+ 19. Qxd3 b6 20. Rab1 Rb8
21. g5 hxg5 22. h4 g4 23. Nd2 f6 24. h5 Kf7 25. h6 Bxh6 26. Kg3 Bg5 27. a3 Rh8 28. b4 Rh3+ 29. Rxh3 gxh3 30. Kxh3 Qh8+
31. Kg2 Qh4 32. Rh1 Qg4+ 33. Kf1 Qf4+ 34. Nf3 Qg3 35. Qe2 Qf4 36. Kf2 a4 37. Qe3 Qxe3+
0-1

[Event "Mitch The Man's First Chess Tournament"]
[Site "SchemingMind.com"]
[Date "2009.09.21"]
[Round "-"]
[White "grabapawn"]
[Black "Roger Martindale"]
[Result "1-0"]
[WhiteCountry "USA"]
[BlackCountry "USA"]
[WhiteElo "1595"]
[WhiteRD "71"]
[BlackElo "1557"]
[BlackRD "90"]
[GameID "220680"]

1. d4 d5 2. Nc3 Nf6 3. Nf3 Nc6 4. Bf4 e6 5. Nb5 a6 6. Nxc7+ Ke7 7. Nxa8 Nd7 8. Bc7 Qe8 9. Qd2 h6 10. Qc3 g6
11. Ne5 Bg7 12. Nxc6+ bxc6 13. Qa3+ Kf6 14. Qf3+ Ke7 15. Qa3+ Kf6 16. Bd6 Bf8 17. Qf3+ Kg7 18. Be5+ f6 19. Nc7 Qe7 20. Bd6 Qf7
21. Bxf8+ Kxf8 22. Qe3 e5 23. Qc3 Nb6 24. Qxc6 Nd7 25. e4 Kg7 26. exd5 exd4 27. Ne6+ Kh7 28. Bd3 Ne5 29. Qc7 Qd7 30. Qxd7+ Bxd7
31. Nc5 Nxd3+ 32. cxd3 Bb5 33. Rc1 Re8+ 34. Kd2 Re5 35. Rhe1 Rxd5 36. Re7+ Kg8 37. Ne6 Rf5 38. Rc8+
1-0

[Event "Mitch The Man's First Chess Tournament"]
[Site "SchemingMind.com"]
[Date "2009.09.21"]
[Round "-"]
[White "jacksrking"]
[Black "Roger Martindale"]
[Result "1/2-1/2"]
[WhiteCountry "USA"]
[BlackCountry "USA"]
[WhiteElo "1390"]
[WhiteRD "60"]
[BlackElo "1557"]
[BlackRD "90"]
[GameID "220681"]

1. e4 e5 2. Nf3 Nc6 3. Nc3 a6 4. d4 d6 5. d5 Nce7 6. Be3 Nf6 7. Bc4 g6 8. Bg5 Bg7 9. h3 O-O 10. O-O b5
11. Bb3 Bb7 12. a4 b4 13. Na2 a5 14. Bxf6 Bxf6 15. c3 bxc3 16. Nxc3 c6 17. Qd2 Qb6 18. Bc4 Bg7 19. b3 c5 20. Nb5 f5
21. Qg5 Rae8 22. g4 h6 23. Qe3 f4 24. Qd3 g5 25. Nd2 f3 26. Nxf3 Ng6 27. Qd2 Nf4 28. Kh2 Bf6 29. Kg3 Kg7 30. h4 Rh8
31. Rh1=
1/2-1/2